00477nam a2200169Ia 4500008004100000041001200041082001200053100002400065245005200089365000800141520001400149546001200163630005200175650001400227655001400241730005200255101110s9999 xx 000 0 und d aENGLISH bSR21821 aMeislich, Sharefkin a3000 Solved problems in Organic Chemistry Vol.I b287 aChemistry aENGLISH a3000 Solved problems in Organic Chemistry Vol.I aChemistry aChemistry a3000 Solved problems in Organic Chemistry Vol.I